000 01430nam a22003017a 4500
001 sjds
003 sjds
005 20240602194139.0
008 240602b |||||||| |||| 00| 0 spa d
020 _a9780618238613
020 _a0618238611
040 _csjds
100 1 _aCooper, J. David
245 _aHoughton Mifflin lectura :
_bSeamos amigos [Grade 1] /
_cJ. David Cooper, John J. Pikulski, Patricia A. Ackerman, Katheryn H. Au, David Chard, Houghton Mifflin Company
246 _aSeamos amigos
260 _aBoston, MA :
_bHoughton Mifflin,
_cc2010
300 _avolumes :
_bcolor illustrations ;
_c29 cm
500 _aOn cover subtitle: Seamos amigos
500 _aTextbooks
520 _aA research-based program that delivers proven results and instills a lifelong love of reading in every student with high quality instructional and practice materials. Comprehensive instructional and planning tools provide lesson objectives and teaching language that focuses on instruction, practice, and application. Promotes reading skills in below level, on level, above level and for English language learners and provides a strong foundational literacy base at every level
521 _bGrade 1.
700 1 _aPikulski, John J.
_eauthor
700 1 _aAckerman Patricia A.
_eauthor
700 1 _aAu, Katheryn H.
_eauthor
700 1 _aChard, David
_eauthor
710 _aHoughton Mifflin Company
942 _cBK
999 _c29847
_d29845